| 000 | 00783nam a22002297a 4500 | ||
|---|---|---|---|
| 005 | 2010072605285.0 | ||
| 010 | _aENG-96843 | ||
| 020 |
_a9780070681934 _c375.00 |
||
| 020 |
_a0070681937 _c375.00 |
||
| 035 | _aEN-80376 | ||
| 037 | _bDBAD/PUB | ||
| 082 | _a670.285 | ||
| 100 |
_aRao, P N _91394 |
||
| 245 |
_aCAD/CAM: _bprinciples and applications / _cby P N Rao |
||
| 250 | _a3rd ed | ||
| 260 |
_aNew Delhi _bTata McGraw Hill Education _c2010 |
||
| 270 |
_a7 West Patel Nagar, New Delhi-110008 _bNew Delhi |
||
| 300 |
_axx, 768p.: _c24cm (pbk) _bill. |
||
| 500 | _aIncludes index | ||
| 942 |
_2ddc _cEN _h670.285 _mRAO |
||
| 999 |
_c37643 _d37643 |
||